Venezuela : confrontación social y polarización política /

Saved in:
Bibliographic Details
Main Author: Medina, Medófilo (autor)
Other Authors: López Maya, Margarita (autor) (autor)
Format: Book
Language:Español
Published: Bogotá, Colombia : Aurora, 2003, c2003
Subjects:
Tags: Add Tag
No Tags, Be the first to tag this record!

MARC

LEADER 00000nam^a2200000^a^4500
001 000194719
005 20250521000000.0
009 20260310102725.689
020 |a 958-9136-16-8 
037 |a Acervo ITESO - Biblioteca 
041 |a ESP 
082 |a 320. 9870711  |b MED 
100 |a Medina, Medófilo  |e (autor) 
245 1 0 |a Venezuela :  |b confrontación social y polarización política /  |c M. Medina, M. López Maya. 
264 4 |a Bogotá, Colombia :  |b Aurora,  |c 2003, c2003 
300 |a 190 p. 
336 |a texto  |b txt  |2 rdacontenido 
337 |a sin mediación  |b n  |2 rdamedio 
338 |a volumen  |b nc  |2 rdasoporte 
649 |a XX 
650 |a Conspiración -  |z Venezuela 
650 |a Intervención Política -  |z Venezuela 
650 |a Insurrección -  |z Venezuela 
650 |a Golpe de Estado -  |z Venezuela 
650 |a Movimientos Políticos -  |z Venezuela 
650 |a Movimientos Sociales -  |z Venezuela 
650 |a Medios de Comunicación -  |z Venezuela 
650 |a Comunicación y Política -  |z Venezuela 
650 |a Política Económica -  |z Venezuela 
650 |a Política -  |z Venezuela -  |x Historia -  |y 1999-2013 -  |x Tema Principal 
650 |a Política -  |z Venezuela -  |x Historia -  |y Siglo XXI 
650 |a Venezuela -  |x Condiciones Políticas 
650 |a Venezuela -  |x Condiciones Económicas 
650 |a Venezuela -  |x Condiciones Sociales y Culturales 
700 |a López Maya, Margarita  |e (autor) 
910 |a Fondo General 
920 |a Impresos - Libros 
930 |a Colección General 
905 |a 101 
901 |a 0500139781  |b IT1  |c ACC  |u 20250521 
902 |a https://opac.biblio.iteso.mx/vufind/Record/000194719